| 000 | 00452nam a22001697a 4500 | ||
|---|---|---|---|
| 005 | 20260413180943.0 | ||
| 008 | 260413b |||||||| |||| 00| 0 eng d | ||
| 020 | _a9789697834761 | ||
| 040 | _cPK-LaNCA | ||
| 082 |
_a809.1 _bCHA |
||
| 100 | _aChangez Jan | ||
| 245 | _aWarrior poet: the life, times and legacy of Khushal Khan Khattak | ||
| 260 |
_aFolio Books _bLahore _c2025 |
||
| 300 | _axiii, 154p | ||
| 650 | _aKhattak's - History | ||
| 942 | _cBK | ||
| 999 |
_c67219 _d67219 |
||